Ludzie według państwa - zaznaczanie pól - Statystyki

Ogólne statystyki
  • Ten quiz został rozwiązany 1 986 razy
  • Średni wynik to 30 z 45
Statystyki odpowiedzi
Zagadnienie Komórka Select % Poprawnych
Ludzi ze Stanów Zjednoczonych Nie
97%
ludzi z Niemiec Nie
92%
Ludzi ze Stanów Zjednoczonych Nie
91%
Ludzi ze Stanów Zjednoczonych Tak
91%
ludzi z Niemiec Tak
87%
ludzi z Wielkiej Brytanii Nie
86%
ludzi z Wielkiej Brytanii Tak
85%
ludzi z Wielkiej Brytanii Nie
83%
Ludzi ze Stanów Zjednoczonych Tak
81%
ludzi z Niemiec Nie
79%
ludzi z Włoch Nie
79%
Ludzi ze Stanów Zjednoczonych Nie
77%
ludzi z Niemiec Nie
77%
ludzi z Wielkiej Brytanii Nie
76%
ludzi z Francji Nie
76%
ludzi z Włoch Nie
76%
ludzi z Francji Tak
75%
ludzi z Niemiec Tak
72%
ludzi z Wielkiej Brytanii Tak
70%
ludzi z Francji Nie
70%
Ludzi ze Stanów Zjednoczonych Tak
69%
Ludzi ze Stanów Zjednoczonych Nie
69%
ludzi z Francji Nie
68%
ludzi z Włoch Nie
68%
ludzi z Francji Tak
67%
ludzi z Włoch Tak
66%
ludzi z Francji Nie
64%
ludzi z Niemiec Tak
63%
ludzi z Wielkiej Brytanii Tak
62%
ludzi z Francji Tak
62%
ludzi z Włoch Tak
62%
ludzi z Wielkiej Brytanii Nie
55%
ludzi z Włoch Nie
55%
ludzi z Niemiec Tak
54%
ludzi z Włoch Tak
53%
Ludzi ze Stanów Zjednoczonych Tak
52%
ludzi z Niemiec Nie
50%
ludzi z Francji Tak
48%
ludzi z Wielkiej Brytanii Tak
47%
ludzi z Włoch Tak
45%
ludzi z Włoch Tak
45%
Ludzi ze Stanów Zjednoczonych Tak
43%
ludzi z Niemiec Tak
39%
ludzi z Wielkiej Brytanii Tak
38%
ludzi z Francji Tak
34%
Nie znaleziono quizów pasujących do podanych kryteriów
Rozkład punktacji
Procent ludzi z każdym wynikiem
Percentyl według liczby udzielonych odpowiedzi
Twoja historia wyników
Nie rozwiązałeś tego quizu